| 000 | 01248nam a22003617a 4500 | ||
|---|---|---|---|
| 001 | T0000003 | ||
| 003 | KOHA_MİRAKIL | ||
| 005 | 20260207004503.0 | ||
| 007 | ta | ||
| 008 | 190401b2010 xx |||grm|||#0|||0|tur | | ||
| 040 |
_aTR-BiSEU _btur _cTR-BiSEU _erda |
||
| 041 | 0 | _atur | |
| 050 | 0 | 0 |
_aTez _b3 |
| 100 | 1 | _aTunç, Nazım. | |
| 245 | 1 |
_aCeza muhakemesi hukukunda uzlaştırma/ _cNazım Tunç ; Nazım Tunç; danışman Murat Ercan. |
|
| 264 | 1 |
_aBilecik : _bBilecik Üniversitesi _c2010 |
|
| 300 | _aXIV, 178 sayfa; 30 cm.+1 CD-ROM | ||
| 336 |
_ametin _btxt _2rdacontent |
||
| 337 |
_aaracısız _bn _2rdamedia |
||
| 338 |
_acilt _bnc _2rdacarrier |
||
| 500 | _aRef. No: 393782 | ||
| 500 | _aKaynakça var. | ||
| 500 | _aİngilizce Eser Adı: Conciliation in criminal procedure law | ||
| 502 | _aTez (Yüksek Lisans) -- Bilecik Üniversitesi Sosyal Bilimler Enstitüsü Kamu Yönetimi Anabilim Dalı, Bilecik, . | ||
| 650 | 0 |
_aUzlaşma--Onarıcı adalet. _9118773 |
|
| 650 | 0 |
_aUzlaştırmacı. _9118774 |
|
| 650 | 0 |
_aCeza hukuku. _922821 |
|
| 650 | 0 |
_aConciliation--Restorative justice. _9118775 |
|
| 650 | 0 |
_aConciliator. _9118776 |
|
| 650 | 0 |
_aCriminal law. _922822 |
|
| 856 | 4 | 0 | _uhttp://acikkaynak.bilecik.edu.tr/xmlui/handle/11552/92 |
| 907 | _aYüksek Lisans | ||
| 942 |
_2lcc _cTS |
||
| 999 |
_c64554 _d64554 |
||